000 00880nas a2200277 4500
001 BR0804523
003 BR-BrBNA
005 20231205112401.0
007 ta
008 230509b bl.|||p| |||| 00| 00por d
040 _aBR-BrBNA
_bpor
_cBiblioteca Nacional de Agricultura
041 _a(Pt)
072 _aQ03
100 1 _aSilva, L.J.B. da
100 1 _aSouza, M.L. de
245 1 _aAvaliação higiênico-sanitária do preparo da merenda escolar, no Colégio de Aplicação da Universidade Federal do Acre, em Rio Branco
650 _aALIMENTO
650 _aESCOLA
650 _aHIGIENE DE ALIMENTO
650 _aCONTROLE DE QUALIDADE
650 _aINSPEÇÃO SANITÁRIA
650 _aACRE
773 0 _tHigiene Alimentar (Brazil)
_xISSN 0101-9171
_g(Oct 2007), v. 21(155) p. 16-22
_wBR0804523
909 _a202311
_bLúcia
_c55
_dLúcia Elande
942 _2AGRIS
_n0
_cANA
999 _c197767
_d197767